[Event "Sunway Sitges Open 2016"]
[Site "Sitges ESP"]
[Date "2016.12.19"]
[Round "5.39"]
[White "Prithu, Gupta"]
[Black "Anurag, Mhamal"]
[Result "0-1"]
[BlackTitle "IM"]
[WhiteElo "2219"]
[BlackElo "2423"]
[WhiteFideId "46618546"]
[BlackFideId "5024366"]
[EventDate "2016.12.16"]

1. e4 e5 2. Nf3 Nc6 3. Bb5 a6 4. Ba4 Nf6 5. O-O d6 6. Re1 Bd7 7. c3 g6 8. d4 b5
9. Bb3 Bg7 10. a4 O-O 11. dxe5 Nxe5 12. Nxe5 dxe5 13. Bg5 Qe7 14. axb5 axb5 15.
Rxa8 Rxa8 16. Na3 h6 17. Bxf6 Bxf6 18. Nc2 c6 19. Nb4 Be8 20. Qg4 Kg7 21. Rd1
Qc7 22. h3 h5 23. Qf3 Bg5 24. c4 Qb6 25. Qc3 bxc4 26. Bxc4 Qa5 27. Nd3 Qxc3 28.
bxc3 Ra4 29. Nb2 Ra3 30. Rd3 f5 31. exf5 gxf5 32. g3 e4 33. Rd6 Rxc3 34. Be6 Be7
35. Rd1 Kf6 36. Bd7 Bf7 37. Na4 Rc2 38. Rb1 Bd5 39. Rb8 Rc1+ 0-1

[Event "Sunway Sitges Open 2016"]
[Site "Sitges ESP"]
[Date "2016.12.19"]
[Round "5.41"]
[White "Olivares Canelles, Francisco"]
[Black "Chalmeta Ugas, Ramon"]
[Result "0-1"]
[WhiteTitle "FM"]
[BlackTitle "FM"]
[WhiteElo "2336"]
[BlackElo "2213"]
[WhiteFideId "3504590"]
[BlackFideId "2256339"]
[EventDate "2016.12.16"]

1. d4 Nf6 2. c4 g6 3. Nc3 d5 4. cxd5 Nxd5 5. e4 Nxc3 6. bxc3 Bg7 7. Bc4 c5 8.
Ne2 O-O 9. Be3 Nc6 10. Rc1 cxd4 11. cxd4 Qa5+ 12. Kf1 Bd7 13. h4 h5 14. Nf4 Kh7
15. e5 Nd8 16. Bd3 Kg8 17. Rc5 Qa3 18. Bc1 Qa4 19. Bc2 Qa6+ 20. Kg1 Ne6 21. Nxe6
Bxe6 22. d5 Bg4 23. f3 Rac8 24. Be3 Qa3 25. Qd4 Qxc5 26. Qxc5 Rxc5 27. Bxc5 Rc8
28. fxg4 Rxc5 29. Bd1 Rxd5 30. Kf2 Rd2+ 31. Ke3 Rxg2 32. gxh5 gxh5 33. e6 fxe6
34. a4 Ra2 35. Kf4 Bf6 36. Bb3 Re2 37. Rc1 Kf7 38. Bd1 Re5 39. Bf3 Ra5 40. Rc4
b6 41. Kg3 Be5+ 42. Kh3 Bd6 43. Re4 Kf6 44. Kg2 b5 45. Bxh5 bxa4 0-1

[Event "Sunway Sitges Open 2016"]
[Site "Sitges ESP"]
[Date "2016.12.20"]
[Round "6.18"]
[White "Michelakos, Panagiotis"]
[Black "Minko, Vladimir"]
[Result "0-1"]
[BlackTitle "IM"]
[WhiteElo "2257"]
[BlackElo "2429"]
[WhiteFideId "4216067"]
[BlackFideId "24146706"]
[EventDate "2016.12.16"]

1. e4 c5 2. Nf3 e6 3. d4 cxd4 4. Nxd4 Nc6 5. Nc3 Qc7 6. Be3 a6 7. Be2 Nf6 8. O-O
Bb4 9. Nxc6 bxc6 10. f4 Bxc3 11. bxc3 Nxe4 12. Bd3 Nf6 13. Qf3 d5 14. Bd4 Qe7
15. Rfe1 c5 16. Bxf6 gxf6 17. c4 Bb7 18. f5 e5 19. cxd5 c4 20. Be4 Qc5+ 21. Kh1
Rd8 22. Rab1 Ba8 23. c3 Qd6 24. Qe3 O-O 25. Rb6 Qe7 26. Qh6 Kh8 27. Rxf6 Bxd5
28. Bxd5 Rxd5 29. Rxa6 Rg8 30. Qc6 Rd2 31. Ra8 Rxa8 32. Qxa8+ Kg7 33. Qc6 Qg5
34. Qe4 Kh6 35. a4 Rf2 0-1

[Event "Sunway Sitges Open 2016"]
[Site "Sitges ESP"]
[Date "2016.12.20"]
[Round "6.19"]
[White "Krishna Teja, N"]
[Black "Cawdery, Daniel"]
[Result "1/2-1/2"]
[WhiteTitle "IM"]
[BlackTitle "IM"]
[WhiteElo "2253"]
[BlackElo "2419"]
[WhiteFideId "5001498"]
[BlackFideId "14300249"]
[EventDate "2016.12.16"]

1. d4 Nf6 2. c4 g6 3. Nc3 d5 4. cxd5 Nxd5 5. e4 Nxc3 6. bxc3 Bg7 7. Be3 c5 8.
Nf3 Qa5 9. Qd2 O-O 10. Rb1 Nd7 11. Rb5 Qc7 12. Bf4 Qd8 13. Bh6 a6 14. Rb1 cxd4
15. Bxg7 Kxg7 16. Nxd4 Nf6 17. Bd3 b5 18. h4 h5 19. e5 Nd5 1/2-1/2

[Event "Sunway Sitges Open 2016"]
[Site "Sitges ESP"]
[Date "2016.12.20"]
[Round "6.20"]
[White "Epishin, Vladimir"]
[Black "Dedebas, Emre Emin"]
[Result "1-0"]
[WhiteTitle "GM"]
[BlackTitle "FM"]
[WhiteElo "2571"]
[BlackElo "2358"]
[WhiteFideId "4162714"]
[BlackFideId "6349005"]
[EventDate "2016.12.16"]

1. Nf3 d5 2. e3 Nf6 3. c4 c6 4. Nc3 g6 5. Be2 Bg7 6. O-O O-O 7. h3 b6 8. d4 Bb7
9. Rb1 Nbd7 10. b4 Rc8 11. c5 Qc7 12. Bb2 Rfe8 13. Qc2 e5 14. dxe5 Nxe5 15. Nxe5
Rxe5 16. cxb6 Qxb6 1-0

[Event "Sunway Sitges Open 2016"]
[Site "Sitges ESP"]
[Date "2016.12.20"]
[Round "6.21"]
[White "Nihal, Sarin"]
[Black "Del Rio De Angelis, Salvador G."]
[Result "0-1"]
[WhiteTitle "FM"]
[BlackTitle "GM"]
[WhiteElo "2340"]
[BlackElo "2530"]
[WhiteFideId "25092340"]
[BlackFideId "2203138"]
[EventDate "2016.12.16"]

1. d4 e6 2. c4 b6 3. e4 Bb4+ 4. Bd2 Bxd2+ 5. Nxd2 d5 6. cxd5 exd5 7. e5 Ne7 8.
Bd3 c5 9. Rc1 O-O 10. Qh5 h6 11. f4 f6 12. Ngf3 fxe5 13. fxe5 c4 14. Bb1 Nbc6
15. O-O Bf5 16. Rfe1 b5 17. Nf1 Qb6 18. Ne3 Bxb1 19. Rxb1 Nxd4 20. Nxd4 Qxd4 21.
Kh1 Rad8 22. e6 Qf4 23. Ng4 Rf5 24. Qh3 d4 25. Qa3 Re8 26. h3 Qc7 27. Rbc1 a5
28. Red1 Nc6 29. Rf1 Ref8 30. Rxf5 Rxf5 31. Re1 Ne7 32. Rd1 Rf4 33. Re1 Rf5 34.
Rd1 Kh7 35. Re1 d3 36. Qc3 b4 37. Qd4 Qf4 38. Qd7 d2 39. Rd1 Qf1+ 40. Rxf1 Rxf1+
41. Kh2 d1=Q 42. Qxe7 Rh1+ 43. Kg3 Qe1+ 0-1

[Event "Sunway Sitges Open 2016"]
[Site "Sitges ESP"]
[Date "2016.12.20"]
[Round "6.22"]
[White "Swapnil, S. Dhopade"]
[Black "Harsha, Bharathakoti"]
[Result "1/2-1/2"]
[WhiteTitle "GM"]
[WhiteElo "2526"]
[BlackElo "2332"]
[WhiteFideId "5019184"]
[BlackFideId "5078776"]
[EventDate "2016.12.16"]

1. d4 Nf6 2. Bg5 Ne4 3. h4 d5 4. Nd2 Bf5 5. Nxe4 Bxe4 6. f3 h6 7. Bf4 Bh7 8. e3
e6 9. Bd3 Bxd3 10. Qxd3 c5 11. c3 cxd4 12. exd4 Nc6 13. h5 Qb6 14. Rb1 Be7 15.
Be3 Qa5 16. a3 Qa6 17. Qc2 Rc8 18. Ne2 b5 19. O-O Na5 20. Rbe1 Nc4 21. Bc1 O-O
22. Nf4 Qc6 23. Nd3 a5 24. f4 Nd6 25. f5 Ne4 26. Ne5 Qc7 27. fxe6 fxe6 28. Qd1
Bh4 29. Qg4 Bxe1 30. Qxe6+ Kh7 1/2-1/2

[Event "Sunway Sitges Open 2016"]
[Site "Sitges ESP"]
[Date "2016.12.20"]
[Round "6.23"]
[White "Kohlweyer, Bernd"]
[Black "Krysa, Leandro"]
[Result "1/2-1/2"]
[WhiteTitle "IM"]
[BlackTitle "IM"]
[WhiteElo "2324"]
[BlackElo "2491"]
[WhiteFideId "4600622"]
[BlackFideId "116807"]
[EventDate "2016.12.16"]

1. Nf3 Nf6 2. c4 c5 3. d4 cxd4 4. Nxd4 e6 5. Nc3 Bb4 6. g3 Ne4 7. Qc2 Qa5 8. Bg2
Nxc3 9. O-O Nc6 10. bxc3 Bxc3 11. Nb3 Nd4 12. Nxd4 Bxd4 13. Rb1 d6 14. Rd1 Qc5
15. Bb2 Bxb2 16. Rxb2 O-O 17. Qb3 1/2-1/2

[Event "Sunway Sitges Open 2016"]
[Site "Sitges ESP"]
[Date "2016.12.20"]
[Round "6.24"]
[White "Satyapragyan, Swayangsu"]
[Black "Domingo Nunez, Alejandro"]
[Result "1/2-1/2"]
[WhiteTitle "IM"]
[BlackTitle "FM"]
[WhiteElo "2462"]
[BlackElo "2317"]
[WhiteFideId "5004306"]
[BlackFideId "22245561"]
[EventDate "2016.12.16"]

1. e4 e6 2. d4 d5 3. Nd2 Be7 4. Ngf3 Nf6 5. Bd3 c5 6. exd5 exd5 7. dxc5 Bxc5 8.
Nb3 Be7 9. O-O O-O 10. h3 Nc6 11. c3 Qc7 12. Re1 Re8 13. Bg5 Be6 14. Nbd4 Qd6
15. Qc2 h6 16. Bh4 Nxd4 17. Nxd4 Nh5 18. Bxe7 Rxe7 19. Bf5 Nf6 20. Bxe6 fxe6 21.
Re3 Ne4 22. Rae1 Rae8 23. f3 Ng5 24. Kh1 Qf4 25. Qg6 Qf7 26. Qxf7+ Kxf7 27. h4
Nh7 28. Nb5 Kf6 29. c4 a6 30. Nc3 d4 31. Ne4+ Kg6 32. R3e2 Nf6 33. g4 h5 34.
gxh5+ 1/2-1/2

[Event "Sunway Sitges Open 2016"]
[Site "Sitges ESP"]
[Date "2016.12.20"]
[Round "6.25"]
[White "Anurag, Mhamal"]
[Black "Santarius, Erik F"]
[Result "1-0"]
[WhiteTitle "IM"]
[WhiteElo "2423"]
[BlackElo "2312"]
[WhiteFideId "5024366"]
[BlackFideId "2025817"]
[EventDate "2016.12.16"]

1. Nf3 d5 2. g3 Nf6 3. Bg2 c6 4. O-O Bg4 5. d3 Nbd7 6. Nbd2 e6 7. e4 Be7 8. h3
Bxf3 9. Qxf3 O-O 10. Qe2 a5 11. a4 Ne8 12. d4 Nc7 13. c3 Re8 14. e5 c5 15. f4
cxd4 16. cxd4 b5 17. f5 exf5 18. axb5 g6 19. Nb1 Bg5 20. Nc3 Bxc1 21. Raxc1 Nb6
22. g4 fxg4 23. Qxg4 Ne6 24. Rf6 Qd7 25. Rcf1 Re7 26. h4 h5 27. Qf3 Rb8 28. Qf2
Rb7 29. Bh3 Rc7 30. Kh1 Qe8 31. Qg2 Nxd4 32. Rxb6 Rxe5 33. Nxd5 1-0

[Event "Sunway Sitges Open 2016"]
[Site "Sitges ESP"]
[Date "2016.12.20"]
[Round "6.26"]
[White "Kholopov, Alexander A."]
[Black "Lauber, Arnd"]
[Result "0-1"]
[WhiteTitle "FM"]
[BlackTitle "IM"]
[WhiteElo "2307"]
[BlackElo "2421"]
[WhiteFideId "4148100"]
[BlackFideId "4632630"]
[EventDate "2016.12.16"]

1. d4 Nf6 2. c4 e6 3. Nc3 Bb4 4. Qc2 d5 5. cxd5 exd5 6. Bg5 c5 7. dxc5 h6 8. Bh4
O-O 9. e3 Be6 10. Bd3 d4 11. exd4 Nc6 12. O-O-O Nxd4 13. Qa4 a5 14. Nf3 Nxf3 15.
gxf3 Qc7 16. Bxf6 Qf4+ 17. Kb1 Qxf6 18. Ne4 Qxf3 19. a3 Rfd8 20. Qc2 Rd4 21.
axb4 axb4 22. Rhg1 Ba2+ 23. Kc1 Bc4 0-1

[Event "Sunway Sitges Open 2016"]
[Site "Sitges ESP"]
[Date "2016.12.20"]
[Round "6.29"]
[White "Kucuksari, Kaan"]
[Black "Espinoza Palomino, Willyam"]
[Result "1/2-1/2"]
[BlackTitle "IM"]
[WhiteElo "2243"]
[BlackElo "2416"]
[WhiteFideId "6380166"]
[BlackFideId "3804852"]
[EventDate "2016.12.16"]

1. d4 Nf6 2. Nf3 g6 3. c4 c6 4. Nc3 d5 5. cxd5 cxd5 6. Bf4 Nc6 7. e3 a6 8. Be2
Bg7 9. h3 O-O 10. O-O b5 11. Ne5 Bb7 12. Bf3 e6 13. a4 b4 14. Na2 Nxe5 15. Bxe5
a5 16. Nc1 Qb6 17. Nb3 Nd7 18. Bxg7 Kxg7 19. Be2 Rfc8 20. Qd2 Ba6 21. Bxa6 Qxa6
22. Rfc1 Rc6 23. Nc5 Qa7 1/2-1/2

[Event "Sunway Sitges Open 2016"]
[Site "Sitges ESP"]
[Date "2016.12.20"]
[Round "6.31"]
[White "Panelo, Marcelo"]
[Black "Sai Agni Jeevitesh, J"]
[Result "0-1"]
[WhiteTitle "IM"]
[WhiteElo "2372"]
[BlackElo "2115"]
[WhiteFideId "104213"]
[BlackFideId "5070147"]
[EventDate "2016.12.16"]

1. d4 d6 2. Nf3 f5 3. Nc3 Nf6 4. Bg5 Nbd7 5. Qd3 e6 6. e4 fxe4 7. Nxe4 Be7 8. h4
Nxe4 9. Qxe4 Nf6 10. Bxf6 Bxf6 11. O-O-O d5 12. Qe3 Bd7 13. g4 c5 14. g5 Bxd4
15. Nxd4 cxd4 16. Rxd4 O-O 17. Bd3 Qa5 18. Qe2 Qxa2 19. Qh5 Rxf2 20. Qxh7+ Kf8
21. Qh8+ Ke7 22. Qxg7+ Kd6 23. Rxd5+ exd5 24. b3 Rc8 25. Kd1 Qb1# 0-1

[Event "Sunway Sitges Open 2016"]
[Site "Sitges ESP"]
[Date "2016.12.20"]
[Round "6.32"]
[White "Chalmeta Ugas, Ramon"]
[Black "Derakhshani, Dorsa"]
[Result "1/2-1/2"]
[WhiteTitle "FM"]
[BlackTitle "IM"]
[WhiteElo "2213"]
[BlackElo "2370"]
[WhiteFideId "2256339"]
[BlackFideId "12500330"]
[EventDate "2016.12.16"]

1. e4 e5 2. Nf3 Nc6 3. d4 exd4 4. Nxd4 Nf6 5. Nxc6 bxc6 6. e5 Qe7 7. Qe2 Nd5 8.
c4 Nb6 9. Nc3 Bb7 10. Bd2 O-O-O 11. O-O-O Kb8 12. f4 f6 13. Re1 Ba6 14. b3 Qa3+
15. Kb1 Bb4 16. Ne4 Rhe8 17. Bxb4 Qxb4 18. Qd2 Qxd2 19. Nxd2 fxe5 20. c5 Bxf1
21. Rhxf1 Nd5 22. fxe5 Re7 23. a3 d6 1/2-1/2

[Event "Sunway Sitges Open 2016"]
[Site "Sitges ESP"]
[Date "2016.12.20"]
[Round "6.33"]
[White "Meister, Peter"]
[Black "Dominguez Fernandez, Angel I"]
[Result "1/2-1/2"]
[WhiteTitle "IM"]
[WhiteElo "2366"]
[BlackElo "1996"]
[WhiteFideId "4600207"]
[BlackFideId "32028261"]
[EventDate "2016.12.16"]

1. d4 d5 2. Nf3 Nf6 3. c4 e6 4. Nc3 c6 5. e3 Nbd7 6. b3 Bd6 7. Bb2 O-O 8. Be2 b6
9. O-O Bb7 10. Qc2 Qe7 11. Rad1 Rad8 12. Rfe1 Rfe8 13. Bf1 e5 14. dxe5 Nxe5 15.
cxd5 Nxf3+ 16. gxf3 Qe5 17. f4 Qh5 18. Bg2 cxd5 19. Qe2 Qf5 20. Qf3 Bb4 21. a3
Bxc3 22. Bxc3 d4 23. Qxb7 dxc3 24. Rc1 c2 25. Qf3 Rd2 26. Bf1 Ne4 27. Re2 Rc8
28. Qxe4 Qxe4 29. Rxd2 g6 30. Bc4 b5 31. Bxb5 Rc3 1/2-1/2

[Event "Sunway Sitges Open 2016"]
[Site "Sitges ESP"]
[Date "2016.12.20"]
[Round "6.36"]
[White "Low, Zhen Yu Cyrus"]
[Black "Krishna, C R G"]
[Result "0-1"]
[WhiteTitle "FM"]
[BlackTitle "IM"]
[WhiteElo "2200"]
[BlackElo "2390"]
[WhiteFideId "5804175"]
[BlackFideId "5018625"]
[EventDate "2016.12.16"]

1. e4 e6 2. d4 d5 3. Nc3 Bb4 4. a3 Bxc3+ 5. bxc3 dxe4 6. Qg4 Nf6 7. Qxg7 Rg8 8.
Qh6 Nbd7 9. Ne2 b6 10. Ng3 Bb7 11. Bg5 Rg6 12. Qh4 h6 13. Bxh6 Rg4 14. Qh3 Qe7
15. Be2 Rg6 16. Qh4 O-O-O 17. Be3 Rdg8 18. O-O Qf8 19. c4 Ng4 20. Bxg4 Rxg4 21.
Qh5 f5 22. h3 Nf6 23. Qh6 Qxh6 24. Bxh6 Rh4 25. Bc1 e3 26. d5 exf2+ 27. Kxf2
Rxc4 28. Ne2 Rxc2 29. Bf4 Ne4+ 30. Ke3 Rxg2 31. Rfe1 Bxd5 32. Kd3 Rb2 33. Rac1
c5 34. Nc3 Rb3 35. Be5 b5 36. h4 b4 37. axb4 cxb4 38. Rb1 bxc3 39. Rxb3 Bxb3 40.
h5 Rd2+ 41. Ke3 c2 42. Rc1 Rd1 43. Bb2 Nf6 44. h6 Nd5+ 45. Ke2 Nf6 0-1

[Event "Sunway Sitges Open 2016"]
[Site "Sitges ESP"]
[Date "2016.12.20"]
[Round "6.37"]
[White "Ashwath, R."]
[Black "Henderson de La Fuente, Lance"]
[Result "1/2-1/2"]
[WhiteElo "2227"]
[BlackElo "2378"]
[WhiteFideId "5021049"]
[BlackFideId "32096585"]
[EventDate "2016.12.16"]

1. d4 Nf6 2. c4 e6 3. Nc3 Bb4 4. Nf3 b6 5. Bg5 a6 6. Bh4 Bb7 7. Qc2 g5 8. Bg3
Ne4 9. Nd2 Bxc3 10. bxc3 Nxg3 11. hxg3 Qf6 12. g4 d6 13. e3 Nd7 14. Ne4 Qe7 15.
Ng3 O-O-O 16. Rh2 Kb8 17. Bd3 c5 18. f3 Rc8 19. Kf2 cxd4 20. cxd4 d5 21. Qb3
dxc4 22. Bxc4 Rc7 23. a4 Rhc8 24. Bd3 Rc3 25. Qb1 Rc1 26. Qxc1 Rxc1 27. Rxc1 Qa3
28. Rd1 Qxa4 29. Be2 1/2-1/2